000 01005cam a2200265 a 4500
005 20031230185550.0
008 940308s1993 enkab b 001 0 eng
010 _aENG-101724
020 _c95.00
_a9788123758749
035 _aEN-85257
037 _bDBAD/PUB
040 _adpl
_bEng
082 _a954.0841092
100 1 _922405
245 1 0 _aNehru-Patel :
_cedited by Neerja Singh
_bagreement within differences select documents and correspondences, 1933-1950 /
260 _aNew Delhi
_bNational Book Trust
_c2010
270 _aNahru Bhawan, 5 Institutional Area, Phase-ii Vasant Kunj,
_bNew Delhi
_e110070
300 _axvi,373p.
_c22cm (pbk)
500 _aIncludes bibliographical references
650 0 _922448
651 _922481
700 _923269
_aNeerja Singh
942 _2ddc
_cEN
_mNEH
_h954.0841092
999 _c48378
_d48378